000 01232nam a22002657a 4500
005 20120830113420.0
010 _aENG-105699
020 _a9780198088400
_c495.00
020 _a019808840x
_c495.00
035 _aEN-89232
037 _bDBAD/PUB
082 _a320.954
245 _aEthnonationalism in India :
_cedited by Sanjib Baruah
_ba reader /
260 _aNew Delhi
_bOxford University Press
_c2012
270 _aYMCA Library Building ,Jai Singh Road
_bNew Delhi
_e110001
300 _axi,519p.
_c23cm(pbk)
490 _aCritical issues in Indian politics ; edited by Francine R. Frankel, Zoya Hasan [and] Kanti Bajpai
_951805
500 _aIncludes bibliographical references
520 _aContributed articles on ethnic politics in India.
650 _a Nationalism
_zIndia.
_951806
700 _aBaruah, Sanjib
_97485
942 _2ddc
_cEN
_h320.954
_mETH
999 _c69537
_d69537